| 000 | 01339pam a2200409 a 4500 | ||
|---|---|---|---|
| 005 | 20260322212013.0 | ||
| 008 | data | ||
| 010 | _a 90010050 | ||
| 020 | _a0811427838 | ||
| 020 | _a9780811427838 | ||
| 040 |
_aDLC _cDLC _dDLC |
||
| 042 | _alcac | ||
| 050 | 0 | 0 |
_aQP88.5 _b.B34 1990 |
| 082 | 0 | 0 |
_a612.7/9 _220 |
| 092 | _a612.7 B34 1990 | ||
| 100 | 1 | _aBailey, Donna. | |
| 245 | 1 | 0 |
_aAll about your skin, hair, and teeth / _cDonna Bailey & Bridget Ardley. |
| 260 |
_aAustin, Tex. : _bSteck-Vaughn Library, _cc1991. |
||
| 300 |
_a48 p. : _bill. (some col.) ; _c25 cm. |
||
| 490 | 1 | _aHealth facts | |
| 500 | _aRev. ed. of: Skin, hair, and teeth / Bridget and Neil Ardley. 1988. | ||
| 500 | _aIncludes index. | ||
| 520 | _aDescribes the functions, characteristics, disorders, and care of skin, teeth, and hair. | ||
| 650 | 0 |
_aSkin _xJuvenile literature. |
|
| 650 | 0 |
_aHair _xJuvenile literature. |
|
| 650 | 0 |
_aTeeth _xJuvenile literature. |
|
| 650 | 1 | _aSkin. | |
| 650 | 1 | _aHair. | |
| 650 | 1 | _aTeeth. | |
| 700 | 1 |
_aArdley, Bridget. _tSkin, hair, and teeth. |
|
| 740 | 0 | _aSkin, hair, and teeth. | |
| 800 | 1 |
_aBailey, Donna. _tHealth facts. |
|
| 906 |
_a7 _bcbc _corignew _d1 _eocip _f19 _gy-gencatlg |
||
| 991 |
_bc-GenColl _hQP88.5 _i.B34 1990 _p00022587894 _tCopy 1 _wBOOKS |
||
| 001 | data | ||
| 999 |
_c263 _d263 |
||